| 000 | 01314nam a2200301Ia 4500 | ||
|---|---|---|---|
| 001 | 16582 | ||
| 003 | IT-RoPAU | ||
| 008 | 130308s9999 xx 000 0 und d | ||
| 040 | _aIT-RoPAU | ||
| 040 | _cIT-RoPAU | ||
| 041 | _aITALIANO | ||
| 100 | _aBarilli Renato | ||
| 100 | _gCodice Aut. SPICS: 9544 | ||
| 245 | _aTra presenza e assenza-Due modelli culturali in conflitto | ||
| 245 | _bTra presenza e Assenza-Due modelli culturali in Conflitto | ||
| 250 | _a1a ed. | ||
| 260 | _aMILANO | ||
| 260 | _bBompiani | ||
| 260 | _c1974 [1° Ed.:1974 - Ed.Ling.Originale:1974] | ||
| 300 | _a"310 p. (prefazione: no ; testo: 310)" | ||
| 500 | _aModello della presenza Discendenza Kantiana Estetica tecnologica di Marshall McLuhan Estetica Libidica di Marcuse Modello dell'Assenza concezioni Neo Moderne di Charles Morris e di Hjelmslev Derrida e Il pensiero della Differenza Ripetizione Differente di Foucault e di Deleuze Applicazioni del Modello della presenza ricerche di Comportamento Due Anime del concettuale Applicazioni del Modello dell'Assenza Narrativa Alla seconda Calvino Arbasino e la Poetica della riscrittura De Chirico e Il Recupero del Museo | ||
| 650 | _aSAGGI DI ESTETOLOGIA | ||
| 650 | _eCodice materia Spics: 5111 | ||
| 942 | _cBK | ||
| 957 | _71 | ||
| 999 |
_c68774 _d68774 |
||
| 999 | _bSI | ||
| 999 | _g1 | ||